|
|
|
|
| LEADER |
00000cam a2200000 a 4500 |
| 001 |
60474 |
| 003 |
CZ-ZlUTB |
| 005 |
20240829144220.0 |
| 007 |
ta |
| 008 |
090528s2008 xr abc 001 0 cze |
| 015 |
|
|
|a cnb002179292
|
| 020 |
|
|
|a 9788024222042
|q (váz.) :
|c Kč 1399,00
|
| 040 |
|
|
|a ULG001
|b cze
|d ZLD002
|
| 041 |
1 |
|
|a cze
|h eng
|
| 072 |
|
7 |
|a 572
|x Fyzická antropologie
|2 Konspekt
|9 1
|
| 080 |
|
|
|a 572
|2 MRF
|
| 080 |
|
|
|a 611/612
|2 MRF
|
| 080 |
|
|
|a 159.9
|2 MRF
|
| 080 |
|
|
|a 323.1:316.356.4
|2 MRF
|
| 080 |
|
|
|a 316.72/.75
|2 MRF
|
| 080 |
|
|
|a (031)
|2 MRF
|
| 245 |
0 |
0 |
|a Člověk :
|b [obrazová encyklopedie lidstva] /
|c hlavní redaktor Robert Winston ; [z anglického originálu ... přeložili Jana Jebáčková ... et al.]
|
| 250 |
|
|
|a Vyd. 2.
|
| 260 |
|
|
|a V Praze :
|b Euromedia Group pro Svojtka & Co.,
|c 2008
|
| 300 |
|
|
|a 512 s. :
|b barev. il., mapy, portréty ;
|c 31 cm
|
| 500 |
|
|
|a Podnázev z obálky
|
| 500 |
|
|
|a Obsahuje rejstřík
|
| 500 |
|
|
|a Terminologický slovník
|
| 500 |
|
|
|a V kartonovém pouzdru
|
| 650 |
0 |
7 |
|a antropologie
|7 ph114065
|2 czenas
|
| 650 |
0 |
7 |
|a biologie člověka
|7 ph118911
|2 czenas
|
| 650 |
0 |
7 |
|a psychologie
|7 ph115948
|2 czenas
|
| 650 |
0 |
7 |
|a národy
|7 ph115507
|2 czenas
|
| 650 |
0 |
7 |
|a kultura a společnost
|7 ph122010
|2 czenas
|
| 650 |
0 |
9 |
|a anthropology
|2 eczenas
|
| 650 |
0 |
9 |
|a human biology
|2 eczenas
|
| 650 |
0 |
9 |
|a psychology
|2 eczenas
|
| 650 |
0 |
9 |
|a nations
|2 eczenas
|
| 650 |
0 |
9 |
|a culture and society
|2 eczenas
|
| 655 |
|
7 |
|a encyklopedie
|7 fd132201
|2 czenas
|
| 655 |
|
9 |
|a encyclopedias
|2 eczenas
|
| 700 |
1 |
|
|a Winston, Robert M. L.,
|d 1940-
|7 mzk2005300769
|4 edt
|
| 700 |
1 |
|
|a Jebáčková, Jana
|7 mzk2003170206
|4 trl
|
| 765 |
0 |
|
|t Human
|9 Česky
|
| 910 |
|
|
|a ZLD002
|
| 952 |
|
|
|0 0
|1 0
|4 0
|6 572ČLOVĚK
|7 0
|8 BOOK
|9 110739
|a UTBZL
|b UTBZL
|c 005
|d 2011-07-25
|l 0
|o 572/ČLOVĚK
|p 420010139425
|r 2019-08-26 00:00:00
|v 1399.00
|w 2019-08-26
|x N:nákup;
|y 01
|
| 992 |
|
|
|a BK
|b SK
|
| 999 |
|
|
|c 60474
|d 60474
|